New Zealand Prime Ministers - Picture Quiz - Statistics

General Stats
  • This quiz has been taken 73 times
    18 since last reset
  • The average score is 11 of 16
Answer Stats
Picture Answer % Correct
Jacinda Ardern
100%
Helen Clark
94%
Robert Muldoon
94%
John Key
88%
Bill English
82%
Chris Hipkins
82%
Chris Luxon
82%
Jenny Shipley
82%
David Lange
76%
Jim Bolger
59%
Michael Joseph Savage
53%
Keith Holyoake
47%
Dick Seddon
41%
Norman Kirk
41%
Sid Holland
41%
Peter Fraser
12%
No matching quizzes found
Score Distribution
Percent of People with Each Score
Percentile by Number Answered
Your Score History
You have not taken this quiz since the last reset